The Splendoured sky (Record no. 37883)

MARC details
000 -LEADER
fixed length control field 00254nam a2200109Ia 4500
082 ## - DEWEY DECIMAL CLASSIFICATION NUMBER
Classification number 82-3SIL
Item number STE
100 ## - MAIN ENTRY--AUTHOR NAME
Personal name Jeanne
245 #4 - TITLE STATEMENT
Title The Splendoured sky
260 ## - PUBLICATION, DISTRIBUTION, ETC. (IMPRINT)
Place of publication Kent
Name of publisher Silhouette
Year of publication 1983
942 ## - ADDED ENTRY ELEMENTS (KOHA)
Koha item type Books
Holdings
Withdrawn status Lost status Damaged status Not for loan Home library Current library Date acquired Cost, normal purchase price Full call number Accession Number Koha item type
        RRII Library RRII Library 16/12/2021 17.95 82-3SIL STE 18254 Books